| 000 | 00674nam a2200229 a 4500 | ||
|---|---|---|---|
| 999 |
_c2004 _d2004 |
||
| 007 | ta | ||
| 008 | 191220t2009 xxua|||g |||| 00| 0 eng d | ||
| 020 | _a9780821379998 | ||
| 040 |
_aKO _beng |
||
| 041 | 0 | _aeng | |
| 044 | _axxu | ||
| 082 | 0 | 4 |
_223 _a320.809664 _bZ617 |
| 245 | 1 | 0 |
_aDecentralization, Democracy, and Development : _brecent experience from Sierra Leone / _cedited by Yongmei Zhou |
| 260 |
_aWashington DC : _bThe World Bank , _c2009. |
||
| 300 |
_axxxii, 150 p. ; _c26 cm |
||
| 490 | 0 | _aWorld Bank Country Study | |
| 650 | 0 |
_aDecentralization in government _zSierra Leone |
|
| 700 |
_aZhou, Yongmei _eedt |
||
| 904 | _aA_BOSE | ||
| 942 | _cBK | ||